Seis sombreros para pensar / (Record no. 19930)

MARC details
000 -CABECERA
campo de control de longitud fija 00838nam a2200289 4500
003 - IDENTIFICADOR DEL NÚMERO DE CONTROL
campo de control OSt
005 - FECHA Y HORA DE LA ÚLTIMA TRANSACCIÓN
campo de control 20260601170958.0
008 - DATOS DE LONGITUD FIJA--INFORMACIÓN GENERAL
campo de control de longitud fija 260417b2014\\\\mx\\||||\||||\00|\0\spa\d
020 ## - NÚMERO INTERNACIONAL ESTÁNDAR DEL LIBRO
Número Internacional Estándar del Libro 9786079377571
040 ## - FUENTE DE LA CATALOGACIÓN
Centro catalogador/agencia de origen ICI
Lengua de catalogación spa
Centro/agencia transcriptor ICI
041 #1 - CÓDIGO DE LENGUA
Código de lengua del texto/banda sonora o título independiente spa
Código de lengua original eng
050 ## - SIGNATURA TOPOGRÁFICA DE LA BIBLIOTECA DEL CONGRESO
Número de clasificación BF441
Número de documento/Ítem B42318 2014
100 #1 - ENTRADA PRINCIPAL--NOMBRE DE PERSONA
Nombre de persona Bono, Edward de
Fechas asociadas al nombre 1933-
9 (RLIN) 30916
240 #1 - TÍTULO UNIFORME
Título uniforme Six thinking hats.
Lenguaje de la obra Español
245 #1 - MENCIÓN DE TÍTULO
Título Seis sombreros para pensar /
Mención de responsabilidad, etc. Edward de Bono
264 ## - PRODUCCIÓN, PUBLICACIÓN, DISTRIBUCIÓN, FABRICACIÓN Y COPYRIGHT
Nombre del de productor, editor, distribuidor, fabricante Ediciones Culturales Paidós,
Fecha de producción, publicación, distribución, fabricación o copyright [2014]
Producción, publicación, distribución, fabricación y copyright México, D.F. :
264 ## - PRODUCCIÓN, PUBLICACIÓN, DISTRIBUCIÓN, FABRICACIÓN Y COPYRIGHT
Fecha de producción, publicación, distribución, fabricación o copyright ©2014
300 ## - DESCRIPCIÓN FÍSICA
Extensión 247 páginas
336 ## - TIPO DE CONTENIDO
Término de tipo de contenido texto
Fuente rdacontent
337 ## - TIPO DE MEDIO
Nombre/término del tipo de medio sin medio
Fuente rdamedia
338 ## - TIPO DE SOPORTE
Nombre/término del tipo de soporte volumen
Fuente rdacarrier
500 ## - NOTA GENERAL
Nota general Reimpresiones: (2a : 2015)
650 #4 - PUNTO DE ACCESO ADICIONAL DE MATERIA--TÉRMINO DE MATERIA
Término de materia o nombre geográfico como elemento de entrada Pensamiento creativo
650 #4 - PUNTO DE ACCESO ADICIONAL DE MATERIA--TÉRMINO DE MATERIA
Término de materia o nombre geográfico como elemento de entrada Solución de problemas
700 #1 - PUNTO DE ACCESO ADICIONAL--NOMBRE DE PERSONA
Nombre de persona De Bono, Edward,
Fechas asociadas al nombre 1933-
942 ## - ELEMENTOS DE PUNTO DE ACCESO ADICIONAL (KOHA)
Fuente del sistema de clasificación o colocación Library of Congress Classification
Tipo de ítem Koha Libros

No items available.